|
|
|
|
| LEADER |
00798nab a2200181 i 4500 |
| 001 |
misc8241 |
| 005 |
20191106143943.0 |
| 008 |
170607s1906 hu o 0|| hun d |
| 022 |
|
|
|a 0025-0260
|
| 040 |
|
|
|a SZTE Miscellanea Repozitórium
|b hun
|
| 041 |
|
|
|a hun
|
| 100 |
3 |
|
|a X+Y
|
| 245 |
1 |
0 |
|a Teendőnk a középfokú oktatás (felső népiskola, polgári iskola, gimnázium, reáliskola) terén
|h [elektronikus dokumentum] /
|c X+Y
|
| 260 |
|
|
|c 1906
|
| 300 |
|
|
|a 617-642
|
| 490 |
0 |
|
|a Magyar pedagógia : a Magyar Tudományos Akadémia Pedagógiai Bizottságának folyóirata
|v 15
|
| 695 |
|
|
|a Oktatásügy Európa 19. sz., Oktatásügy Magyarország 19. sz., Közoktatás Magyarország 19. sz., Középfokú oktatás
|
| 856 |
4 |
0 |
|u http://misc.bibl.u-szeged.hu/8241/1/mp_1906_1157_617-642.pdf
|z Dokumentum-elérés
|